[Event "PRO League Group Stage"]
[Site "chess.com INT"]
[Date "2018.02.28"]
[Round "8"]
[White "Jones, Gawain C B"]
[Black "Diamant, Andre"]
[Result "1-0"]
[WhiteTitle "GM"]
[BlackTitle "GM"]
[WhiteElo "2640"]
[BlackElo "2533"]
[WhiteTeam "London Towers"]
[BlackTeam "Stockholm Snowballs"]
[WhiteFideId "409561"]
[BlackFideId "2108356"]
[EventDate "2018.01.18"]

1. e4 c5 2. Nf3 Nc6 3. Bb5 d6 4. O-O Bd7 5. Re1 Nf6 6. c3 a6 7. Bc4 Bg4 8. d4
cxd4 9. cxd4 Bxf3 10. gxf3 e5 11. Be3 exd4 12. Bxd4 Nxd4 13. Qxd4 Be7 14. Nc3
O-O 15. Rad1 Rc8 16. Bb3 Qa5 17. Qe3 Qc5 18. Kh1 b5 19. Rg1 b4 20. Qh6 g6 21.
Nd5 Nxd5 22. Rxd5 Qxf2 23. Rf5 d5 24. Bxd5 Kh8 25. Bxf7 Qh4 26. Rxg6 Qxh6 27.
Rxh6 Kg7 28. Rhh5 Rxf7 29. Rxh7+ Kxh7 30. Rxf7+ Kg6 31. Rxe7 Kg5 32. Kg2 Kf4 33.
Rf7+ Ke3 34. e5 Rc2+ 35. Kg3 Rxb2 36. e6 Kd3 37. Rf4 1-0

[Event "PRO League Group Stage"]
[Site "chess.com INT"]
[Date "2018.02.28"]
[Round "8"]
[White "Hansen, Torbjorn Ringdal"]
[Black "Lalith, Babu M R"]
[Result "0-1"]
[WhiteTitle "GM"]
[BlackTitle "GM"]
[WhiteElo "2410"]
[BlackElo "2542"]
[WhiteTeam "Norway Gnomes"]
[BlackTeam "Delhi Dynamite"]
[WhiteFideId "1501720"]
[BlackFideId "5024595"]
[EventDate "2018.01.18"]

1. e4 c6 2. Nc3 d5 3. Nf3 Bg4 4. h3 Bxf3 5. Qxf3 Nf6 6. exd5 cxd5 7. d4 e6 8.
Bd3 Nc6 9. Ne2 g6 10. O-O Bg7 11. c3 O-O 12. Bg5 h6 13. Bh4 Re8 14. Bb5 a6 15.
Bxc6 bxc6 16. Nc1 g5 17. Bg3 Ne4 18. Re1 Qb6 19. Nd3 c5 20. dxc5 Nxc5 21. Nxc5
Qxc5 22. Be5 Bxe5 23. Rxe5 Kg7 24. Rae1 Qc6 25. Qg4 Qc4 26. Qg3 Rac8 27. R5e2
Qf4 28. Qd3 Rc6 29. a3 Rb8 30. g3 Qf6 31. Rd1 Rc4 32. Rdd2 a5 33. Re3 a4 34. Qe2
Qg6 35. Kg2 Qf5 36. Rdd3 Rb7 37. Re5 Rxb2 38. Qxb2 Qxe5 39. Re3 Qc7 40. Qd2 Qc5
41. Qb2 Qc6 42. Kh2 f6 43. Rd3 e5 44. Qd2 Rc5 45. h4 Rb5 46. hxg5 hxg5 47. Qe3
Rb1 48. f3 Qc8 49. Kg2 Qh8 0-1

[Event "PRO League Group Stage"]
[Site "chess.com INT"]
[Date "2018.02.28"]
[Round "8"]
[White "Hansen, Torbjorn Ringdal"]
[Black "Grover, Sahaj"]
[Result "0-1"]
[WhiteTitle "GM"]
[BlackTitle "GM"]
[WhiteElo "2410"]
[BlackElo "2484"]
[WhiteTeam "Norway Gnomes"]
[BlackTeam "Delhi Dynamite"]
[WhiteFideId "1501720"]
[BlackFideId "5021103"]
[EventDate "2018.01.18"]

1. e4 e6 2. d4 d5 3. Nd2 c5 4. exd5 Qxd5 5. Ngf3 cxd4 6. Bc4 Qd8 7. O-O a6 8.
Nb3 Nc6 9. Nbxd4 Nxd4 10. Nxd4 Qc7 11. Qe2 Bd7 12. Bg5 Be7 13. Bxe7 Nxe7 14.
Rad1 O-O 15. Rfe1 Nc6 16. Nf3 Rad8 17. Qe4 Ne7 18. Ne5 Bc6 19. Nxc6 Qxc6 20. Bd3
g6 21. Qh4 Qc7 22. h3 Rd7 23. Bf1 Rfd8 24. Rxd7 Rxd7 25. Bd3 Qa5 26. Ra1 Qe5 27.
Rb1 Nd5 28. Qe4 Qxe4 29. Bxe4 Nf4 30. Bf3 e5 31. Kf1 f5 32. Rd1 Rxd1+ 33. Bxd1
Kf7 34. h4 Kf6 35. g3 Ne6 36. c3 Nc5 37. Ke2 e4 38. Bc2 Ke5 39. b4 Ne6 40. Bb3
Nc7 41. Kd2 h6 42. a4 g5 43. hxg5 hxg5 44. a5 Ne8 45. Ke3 Nd6 46. Kd2 Nb5 47.
Bf7 Na3 48. Ba2 f4 49. gxf4+ gxf4 50. Bb3 Nb1+ 51. Kc2 e3 52. fxe3 fxe3 53. Kd3
Kf4 54. Bd5 e2 55. Kxe2 Nxc3+ 56. Kd3 Nxd5 57. Kc4 Ke5 58. Kc5 Nxb4 59. Kxb4 Kd4 0-1

[Event "PRO League Group Stage"]
[Site "chess.com INT"]
[Date "2018.02.28"]
[Round "8"]
[White "Vaibhav, Suri"]
[Black "Carlsen, Magnus"]
[Result "0-1"]
[WhiteTitle "GM"]
[BlackTitle "GM"]
[WhiteElo "2542"]
[BlackElo "2834"]
[WhiteTeam "Delhi Dynamite"]
[BlackTeam "Norway Gnomes"]
[WhiteFideId "5045185"]
[BlackFideId "1503014"]
[EventDate "2018.01.18"]

1. e4 d5 2. exd5 Nf6 3. d4 Bg4 4. f3 Bf5 5. c4 e6 6. dxe6 Nc6 7. exf7+ Kxf7 8.
Be3 Bb4+ 9. Kf2 Re8 10. Nc3 Rxe3 11. Kxe3 Nxd4 12. Kf2 Bc5 13. Na4 Bc2 14. Nxc5
Bxd1 15. Rxd1 Qe7 16. b4 Re8 17. Bd3 Qe3+ 18. Kf1 b6 19. Ne4 Nxe4 20. Bxe4 c5
21. bxc5 Rxe4 22. fxe4 Qf4+ 23. Ke1 Qxe4+ 24. Kf2 Qc2+ 25. Ke1 bxc5 0-1

[Event "PRO League Group Stage"]
[Site "chess.com INT"]
[Date "2018.02.28"]
[Round "8"]
[White "Li, Di"]
[Black "Holt, Conrad"]
[Result "0-1"]
[WhiteTitle "IM"]
[BlackTitle "GM"]
[WhiteElo "2455"]
[BlackElo "2578"]
[WhiteTeam "Chengdu Pandas"]
[BlackTeam "Dallas Destiny"]
[WhiteFideId "8607508"]
[BlackFideId "2034387"]
[EventDate "2018.01.18"]

1. d4 d5 2. c4 c6 3. Nf3 Nf6 4. cxd5 cxd5 5. Nc3 Nc6 6. Bf4 Nh5 7. Bg5 h6 8. Bh4
g5 9. Bg3 Nxg3 10. hxg3 Bg7 11. e3 e6 12. Bd3 Bd7 13. Rc1 Rc8 14. Bb1 Qe7 15.
Qe2 f5 16. Nd2 g4 17. Nb3 Kf7 18. Qd2 h5 19. Nc5 Be8 20. Ne2 h4 21. Nf4 Nd8 22.
Ncd3 Rxc1+ 23. Qxc1 hxg3 24. Rxh8 gxf2+ 25. Kxf2 Bxh8 26. Qh1 Kg8 27. g3 b6 28.
Bc2 Qh7 29. Qg2 Bd7 30. Nb4 Bf6 31. Kg1 Qe7 32. a3 Nf7 33. Bb3 Bg5 34. Qc2 Qd6
35. Nbd3 Bf6 36. Qh2 Qf8 37. Qh5 Qh6 38. Qxh6 Nxh6 39. Kg2 Nf7 40. Ne2 Kf8 41.
Ndf4 Ke7 42. Nc3 Kd6 43. Kf2 Ng5 44. Ke2 Bd8 45. Nd3 Nf7 46. Nf4 Bc7 47. Bc2 Bd8
48. Bd3 Bg5 49. b4 Ke7 50. Bc2 Nd6 51. Ng6+ Kf6 52. Ne5 Be8 53. Bd3 Ke7 54. Kf2
Bf6 55. Ne2 Bxe5 56. dxe5 Nf7 57. Nd4 Nxe5 58. Ba6 Kd6 59. Ke2 Bd7 60. Bb5 Nf7
61. Bd3 Ng5 62. Kf2 Nf7 63. Ba6 Nh8 64. Ne2 Ng6 65. Ke1 e5 66. Kd2 Ne7 67. Bb7
Bc8 68. Ba8 Ba6 69. Nc3 Bc4 70. Bb7 Kc7 71. Ba8 Kb8 0-1

[Event "PRO League Group Stage"]
[Site "chess.com INT"]
[Date "2018.02.28"]
[Round "8"]
[White "Hou, Yifan"]
[Black "Villanueva, Mario"]
[Result "0-1"]
[WhiteTitle "GM"]
[BlackTitle "IM"]
[WhiteElo "2680"]
[BlackElo "2466"]
[WhiteTeam "Montreal Chessbrahs"]
[BlackTeam "Buenos Aires Krakens"]
[WhiteFideId "8602980"]
[BlackFideId "113433"]
[EventDate "2018.01.18"]

1. Nf3 Nf6 2. g3 g6 3. b3 Bg7 4. Bb2 O-O 5. Bg2 d6 6. d4 c5 7. c4 d5 8. O-O dxc4
9. bxc4 Qb6 10. Qc1 cxd4 11. Nxd4 Nc6 12. Nxc6 bxc6 13. Nd2 Be6 14. Qc2 Rab8 15.
Be5 Rbd8 16. Nb3 c5 17. h3 Nd7 18. Bxg7 Kxg7 19. f4 Nf6 20. e4 Qb4 21. Rfc1 a5
22. a3 Qb6 23. Rab1 Qc7 24. Qf2 Rc8 25. Nd2 Rb8 26. Rb5 Rfd8 27. Rxc5 Qa7 28.
Rc2 Rd3 29. Rb5 Qxf2+ 30. Kxf2 Rbd8 31. Nb3 Bd7 32. Nc5 Bxb5 33. cxb5 Rd2+ 34.
Rxd2 Rxd2+ 35. Kf3 Rc2 36. Na4 Ra2 37. Nc5 Rxa3+ 38. Kf2 Ra2+ 39. Kg1 Rc2 40.
Nd3 Nd7 41. e5 a4 42. Be4 a3 43. Nb4 Rc4 0-1

[Event "PRO League Group Stage"]
[Site "chess.com INT"]
[Date "2018.02.28"]
[Round "8"]
[White "Hou, Yifan"]
[Black "Obregon, Andres Carlos"]
[Result "0-1"]
[WhiteTitle "GM"]
[BlackTitle "GM"]
[WhiteElo "2680"]
[BlackElo "2514"]
[WhiteTeam "Montreal Chessbrahs"]
[BlackTeam "Buenos Aires Krakens"]
[WhiteFideId "8602980"]
[BlackFideId "111724"]
[EventDate "2018.01.18"]

1. e4 e5 2. Nf3 Nc6 3. Bb5 a6 4. Ba4 Nf6 5. O-O Be7 6. Re1 b5 7. Bb3 d6 8. c3
O-O 9. h3 Na5 10. Bc2 c5 11. d4 Nd7 12. d5 Nb6 13. Nbd2 f5 14. exf5 Bxf5 15.
Bxf5 Rxf5 16. Ne4 Qd7 17. Nfg5 Bxg5 18. Bxg5 Nb7 19. Qd2 Qf7 20. Rad1 h6 21. Bh4
Rf8 22. f3 Qg6 23. Kh2 Rf4 24. Bg3 R4f5 25. b3 Nd7 26. Bf2 Nf6 27. Ng3 Rf4 28.
Re2 Nh5 29. Nxh5 Qxh5 30. Bg3 R4f6 31. a4 Nd8 32. axb5 axb5 33. Qd3 Nf7 34. Qxb5
Ng5 35. h4 e4 36. f4 Rxf4 37. Rh1 Rxh4+ 38. Bxh4 Qxh4+ 39. Kg1 Qg3 40. Rh5 Nf3+
41. Kh1 Nd4 42. Re3 Qxe3 43. cxd4 Qe1+ 44. Kh2 Rf1 45. Qe8+ Kh7 46. Rxh6+ Kxh6
47. Qh8+ Kg6 48. Qe8+ Rf7 49. Qe6+ Rf6 0-1

[Event "PRO League Group Stage"]
[Site "chess.com INT"]
[Date "2018.02.28"]
[Round "8"]
[White "Kjartansson, David"]
[Black "Bauer, Christian"]
[Result "1/2-1/2"]
[WhiteTitle "FM"]
[BlackTitle "GM"]
[WhiteElo "2409"]
[BlackElo "2625"]
[WhiteTeam "Reykjavik Puffins"]
[BlackTeam "London Lions"]
[WhiteFideId "2301130"]
[BlackFideId "603767"]
[EventDate "2018.01.18"]

1. e4 Nc6 2. Nc3 Nf6 3. Nf3 d5 4. exd5 Nxd5 5. Bc4 Nb6 6. Bb3 a5 7. a4 Bf5 8. d3
e6 9. Be3 Bg4 10. h3 Bh5 11. g4 Bg6 12. Qe2 Be7 13. Ne4 Nd5 14. Bc4 Nxe3 15.
Qxe3 Nb4 16. Qe2 c6 17. c3 Nd5 18. Ne5 Qc7 19. Nxg6 hxg6 20. Bxd5 cxd5 21. Nd2
d4 22. c4 Bb4 23. Kf1 Bxd2 24. Qxd2 Qc6 25. Kg1 Qf3 26. Qd1 Qf4 27. Kg2 g5 28.
Qf3 Qc7 29. Ra3 Ra6 30. Rb3 Rb6 31. Rb5 Rxb5 32. axb5 Ke7 33. Re1 b6 34. Qf5
Qb7+ 35. f3 Ke8 36. Re4 Qe7 37. Qe5 Qf6 38. Qb8+ Qd8 39. Qb7 g6 40. Qc6+ Kf8 41.
c5 bxc5 42. Qxc5+ Kg7 43. Rxd4 Qf6 44. b6 Rxh3 45. Kxh3 Qxf3+ 46. Kh2 Qf2+ 47.
Kh1 1/2-1/2

[Event "PRO League Group Stage"]
[Site "chess.com INT"]
[Date "2018.02.28"]
[Round "8"]
[White "Diamant, Andre"]
[Black "Yanchenko, Roman"]
[Result "1-0"]
[WhiteTitle "GM"]
[BlackTitle "FM"]
[WhiteElo "2533"]
[BlackElo "2436"]
[WhiteTeam "Stockholm Snowballs"]
[BlackTeam "London Towers"]
[WhiteFideId "2108356"]
[BlackFideId "4137329"]
[EventDate "2018.01.18"]

1. e4 e6 2. d4 d5 3. Nd2 c5 4. Ngf3 Nc6 5. exd5 exd5 6. Bb5 c4 7. O-O Bd6 8.
Re1+ Ne7 9. b3 cxb3 10. axb3 O-O 11. h3 Bf5 12. c3 a6 13. Bf1 Ng6 14. b4 Na7 15.
Nb3 Qc7 16. Nc5 Rae8 17. Rxe8 Rxe8 18. Bd2 h6 19. Qb3 Qc6 20. c4 dxc4 21. Bxc4
Qc7 22. Bd5 Nc6 23. b5 Bxc5 24. dxc5 axb5 25. Qxb5 Be6 26. Be4 Bd7 27. Bxg6 fxg6
28. Rb1 Bc8 29. Bc3 Qf7 30. Qb3 g5 31. Qxf7+ Kxf7 32. Nd4 Nxd4 33. Bxd4 Re2 34.
Be3 Ra2 35. Rd1 Be6 36. Rd6 Ra6 37. Rd8 Ke7 38. Rd2 g4 39. h4 Ra2 40. Rd4 Bd7
41. Kh2 Ra6 42. Kg3 Ra3 43. Rb4 Bc6 44. Rxg4 Kf6 45. Rd4 Ra4 46. Rd8 Re4 47. Rd3
Kf7 48. f3 Re5 49. Kf2 Rd5 50. Ra3 Rd8 51. Bf4 Rd5 52. Bd6 Rd2+ 53. Kg3 Re2 54.
Ra8 Re8 55. Ra7 Re6 56. h5 Re2 57. Ra8 Re8 58. Ra1 g6 59. hxg6+ Kxg6 60. Rh1 h5
61. Rd1 Re2 62. Bf4 Kf5 63. Bd6 Kg5 64. Rd4 Kf5 65. Rf4+ Kg5 66. Rf7 Kg6 67. Rf8
Rc2 68. Rg8+ Kf6 69. Rh8 Kg5 70. Bf4+ Kg6 71. Rh6+ Kf7 72. Rxh5 Kg6 73. Rh6+ Kg7
74. Rd6 Rxc5 75. Be3 Rf5 76. Kh4 Bxf3 77. gxf3 Rxf3 78. Bd4+ Kf7 79. Kg5 Rb3 80.
Kf5 Ke7 81. Rh6 Kd7 82. Ke4 Rb5 83. Kd3 Rb4 84. Kc3 Ra4 85. Rh4 Kc6 86. Rh6+ Kd5
87. Rh5+ Kc6 88. Rc5+ Kd6 89. Rh5 Kc6 90. Be5 b6 91. Bd4 Ra1 92. Kb3 Rb1+ 93.
Kc4 b5+ 94. Kc3 Rc1+ 95. Kd3 Rd1+ 96. Kc3 Rc1+ 97. Kb2 Rc4 98. Be3 Rb4+ 99. Kc3
Rc4+ 100. Kb3 Re4 101. Rc5+ Kd6 102. Rc3 b4 103. Bc5+ Kd5 104. Bxb4 Kd4 105.
Rc4+ Kd3 106. Rc1 Kd4 107. Bc3+ Kd5 108. Rh1 Rg4 109. Rh5+ Ke4 110. Kc4 Ke3+
111. Kd5 Ra4 112. Rh3+ Kf2 113. Bd4+ Kg2 114. Rb3 Ra8 115. Ke4 Rf8 116. Be5 Rf2
117. Rg3+ Kh2 118. Rg8+ Kh3 119. Bf4 Rg2 120. Ra8 Rg4 121. Kf3 Rg3+ 122. Ke4 Rg6
123. Rh8+ Kg4 124. Re8 Kh3 125. Kf3 Rg3+ 126. Ke4 Rg6 127. Ra8 Kg4 128. Ra1 Kh3
129. Ra2 Kg4 130. Be5 Kh3 131. Kf5 Rg2 132. Ra3+ Kh4 133. Bf6+ Rg5+ 134. Bxg5+
Kh5 135. Rh3# 1-0

[Event "PRO League Group Stage"]
[Site "chess.com INT"]
[Date "2018.02.28"]
[Round "8"]
[White "Diamant, Andre"]
[Black "Rendle, Thomas E"]
[Result "1-0"]
[WhiteTitle "GM"]
[BlackTitle "IM"]
[WhiteElo "2533"]
[BlackElo "2362"]
[WhiteTeam "Stockholm Snowballs"]
[BlackTeam "London Towers"]
[WhiteFideId "2108356"]
[BlackFideId "408760"]
[EventDate "2018.01.18"]

1. e4 e6 2. d3 d5 3. Nd2 Nf6 4. Ngf3 Bc5 5. e5 Nfd7 6. d4 Be7 7. Bd3 c5 8. c3
Nc6 9. O-O g5 10. dxc5 Ndxe5 11. Nxe5 Nxe5 12. Bb5+ Bd7 13. Bxd7+ Qxd7 14. b4
Ng6 15. c4 O-O 16. Nf3 Bf6 17. Bxg5 Bxa1 18. Qxa1 f6 19. Bxf6 Qf7 20. Bb2 dxc4
21. Qc1 Nf4 22. Qxc4 Qg6 23. g3 Qg4 24. Qb3 Nh3+ 25. Kg2 Nf4+ 26. Kh1 Nh3 27.
Ne5 Qe4+ 28. f3 Qd5 29. Ng4 Kf7 30. Ne5+ Ke7 31. Qe3 Rg8 32. Kg2 Ng5 33. Rf2
Rad8 34. c6 b6 35. c7 Rd6 36. c8=Q Rxc8 37. Qxg5+ Ke8 38. Qg8+ 1-0

[Event "PRO League Group Stage"]
[Site "chess.com INT"]
[Date "2018.02.28"]
[Round "8"]
[White "Vaibhav, Suri"]
[Black "Hansen, Torbjorn Ringdal"]
[Result "1-0"]
[WhiteTitle "GM"]
[BlackTitle "GM"]
[WhiteElo "2542"]
[BlackElo "2410"]
[WhiteTeam "Delhi Dynamite"]
[BlackTeam "Norway Gnomes"]
[WhiteFideId "5045185"]
[BlackFideId "1501720"]
[EventDate "2018.01.18"]

1. e4 c6 2. Nf3 d5 3. exd5 cxd5 4. Ne5 Nc6 5. d4 Nf6 6. Bb5 Bd7 7. Nxd7 Qxd7 8.
c3 e6 9. O-O Be7 10. Re1 O-O 11. Nd2 a6 12. Bd3 b5 13. a3 Rfe8 14. Nf3 Qc7 15.
g3 Nd7 16. Qc2 Nf8 17. Qe2 Rab8 18. a4 Qb6 19. Bf4 Rb7 20. axb5 axb5 21. h4 Rc8
22. h5 f6 23. b4 Nd8 24. Bd2 Nf7 25. Ra5 Nd6 26. Rea1 Qc6 27. Be1 Nc4 28. Ra6
Rb6 29. Ra7 Rc7 30. R7a2 Qe8 31. Nd2 Bd6 32. Nxc4 bxc4 33. Bc2 f5 34. Bd2 Rb8
35. Ra6 Rd8 36. Bxf5 Re7 37. Bc2 e5 38. dxe5 Rxe5 39. Qf3 Qxh5 40. Qxh5 Rxh5 41.
Ra8 Rxa8 42. Rxa8 Kf7 43. Bd1 Re5 44. Bf3 Rf5 45. Kg2 h5 46. b5 d4 47. b6 dxc3
48. Bxc3 Nd7 49. b7 Nb8 50. Be2 Ke7 51. Bxc4 Rc5 52. Bb4 Rxc4 53. Bxd6+ Kxd6 54.
Rxb8 Rb4 55. Rd8+ Kc7 56. b8=Q+ Rxb8 57. Rxb8 Kxb8 58. Kh3 Kc7 59. Kh4 Kd7 60.
Kxh5 Ke7 61. Kg6 Kf8 62. g4 Kg8 63. g5 Kh8 64. Kf7 Kh7 65. f4 Kh8 66. f5 Kh7 67.
g6+ Kh8 68. f6 gxf6 69. g7+ 1-0

[Event "PRO League Group Stage"]
[Site "chess.com INT"]
[Date "2018.02.28"]
[Round "8"]
[White "Li, Di"]
[Black "Moradiabadi, Elshan"]
[Result "1/2-1/2"]
[WhiteTitle "IM"]
[BlackTitle "GM"]
[WhiteElo "2455"]
[BlackElo "2528"]
[WhiteTeam "Chengdu Pandas"]
[BlackTeam "Dallas Destiny"]
[WhiteFideId "8607508"]
[BlackFideId "12501255"]
[EventDate "2018.01.18"]

1. d4 g6 2. Nf3 Bg7 3. g3 e6 4. Bg2 Ne7 5. O-O O-O 6. b3 d5 7. Bb2 Nbc6 8. Nbd2
a5 9. a3 b6 10. Re1 Bb7 11. c4 Nf5 12. e3 Nce7 13. cxd5 exd5 14. Qc2 Rc8 15.
Rac1 Qd6 16. Qb1 Rfe8 17. Ne5 Qe6 18. Nd3 Nd6 19. Nf4 Qf5 20. Qxf5 Ndxf5 21. Nf3
c5 22. g4 Nd6 23. Ne5 a4 24. bxa4 c4 25. Bc3 Ra8 26. Bb4 Red8 27. Bxd6 Rxd6 28.
Nxc4 dxc4 29. Bxb7 Rxa4 30. Rc3 b5 31. Rb1 Bh6 32. Ne2 Rb6 33. Be4 Nc8 34. Bc2
Ra8 35. Nc1 Nd6 36. e4 Bd2 37. Rf3 c3 38. a4 Bxc1 39. Rxc1 b4 40. Rf6 Kg7 41. e5
Nc4 42. Rxb6 Nxb6 43. Rb1 Nd5 44. Be4 Ra5 45. Bxd5 Rxd5 46. Rxb4 c2 47. Rc4 Rxd4
48. Rxc2 Rxg4+ 49. Kf1 Rxa4 50. Kg2 Re4 51. Rc5 g5 52. h3 Kg6 53. Rc6+ Kg7 54.
Rc5 h6 55. Rb5 Rf4 56. Rb7 Re4 57. Rb5 Re1 58. Ra5 1/2-1/2

[Event "PRO League Group Stage"]
[Site "chess.com INT"]
[Date "2018.02.28"]
[Round "8"]
[White "Kuybokarov, Temur"]
[Black "Banik, Siddharth"]
[Result "1/2-1/2"]
[WhiteTitle "IM"]
[WhiteElo "2472"]
[BlackElo "2115"]
[WhiteTeam "Australia Kangaroos"]
[BlackTeam "San Diego Surfers"]
[WhiteFideId "14203049"]
[BlackFideId "2065843"]
[EventDate "2018.01.18"]

1. d4 Nf6 2. c4 e6 3. Nc3 Bb4 4. Qc2 O-O 5. Nf3 d5 6. a3 Bxc3+ 7. Qxc3 dxc4 8.
Qxc4 b6 9. Bg5 Ba6 10. Qa4 Qd7 11. Qc2 c5 12. Bxf6 gxf6 13. dxc5 Rc8 14. Rd1 Qc6
15. e4 Bxf1 16. Kxf1 Nd7 17. Nd4 Qxc5 18. Qe2 Ne5 19. h4 Rd8 20. Nf3 Ng4 21.
Rxd8+ Rxd8 22. Rh3 h5 23. Ne1 Qc1 24. Rc3 Qb1 25. Qc2 Qa1 26. Rc8 Rxc8 27. Qxc8+
Kg7 28. Qc2 b5 29. Ke2 Ne5 30. Nd3 Nxd3 31. Kxd3 Qf1+ 32. Qe2 Qxg2 33. Qxh5 Qxf2
34. Qg4+ Kf8 35. h5 Qxb2 36. h6 Qxa3+ 37. Kc2 Qa2+ 38. Kd3 Qa3+ 39. Kd2 Qb2+ 40.
Kd3 Qb3+ 41. Kd2 Qb4+ 42. Kc2 Qc4+ 43. Kd2 Qd4+ 44. Kc2 Qf2+ 45. Kd3 Qf1+ 46.
Kd2 Qf2+ 47. Kd3 Qf1+ 48. Kd2 Qf2+ 49. Kd3 Qf1+ 1/2-1/2

[Event "PRO League Group Stage"]
[Site "chess.com INT"]
[Date "2018.02.28"]
[Round "8"]
[White "Grigoriants, Sergey"]
[Black "Kaasen, Tor Fredrik"]
[Result "1-0"]
[WhiteTitle "GM"]
[BlackTitle "FM"]
[WhiteElo "2568"]
[BlackElo "2340"]
[WhiteTeam "Volga Stormbringers"]
[BlackTeam "Oslo Trolls"]
[WhiteFideId "4130804"]
[BlackFideId "1516647"]
[EventDate "2018.01.18"]

1. e4 c5 2. Nf3 e6 3. d4 cxd4 4. Nxd4 a6 5. Bd3 Bc5 6. Nb3 Ba7 7. c4 Nc6 8. Nc3
Nf6 9. O-O O-O 10. Qe2 d6 11. Be3 e5 12. Rfd1 Nd4 13. Bxd4 exd4 14. Nd5 Nxd5 15.
exd5 Qg5 16. Be4 Bg4 17. Bf3 Rae8 18. Qd2 Qg6 19. Bxg4 Qxg4 20. h3 Qh4 21. Qd3
f5 22. Nd2 f4 23. Re1 Qf6 24. Kf1 Bb6 25. b4 a5 26. a3 Qh4 27. Rxe8 Rxe8 28. Re1
Rxe1+ 29. Kxe1 Qe7+ 30. Qe4 Qd7 31. Ke2 axb4 32. axb4 h6 33. Qxf4 Qa4 34. Qxd6
d3+ 35. Kxd3 Qa3+ 36. Ke2 Bd4 37. Qe6+ Kf8 38. Qc8+ Kf7 39. Qxb7+ Kg6 40. Qe7
Bc3 41. Qe4+ Kf7 42. Qe6+ Kf8 43. d6 Qa2 44. Qf5+ Kg8 45. Qd5+ 1-0

[Event "PRO League Group Stage"]
[Site "chess.com INT"]
[Date "2018.02.28"]
[Round "8"]
[White "Kobo, Ori"]
[Black "Gorozhanin, Mikhail"]
[Result "1-0"]
[WhiteTitle "GM"]
[BlackTitle "FM"]
[WhiteElo "2477"]
[BlackElo "2435"]
[WhiteTeam "Oslo Trolls"]
[BlackTeam "Volga Stormbringers"]
[WhiteFideId "2812320"]
[BlackFideId "4178262"]
[EventDate "2018.01.18"]

1. Nf3 d5 2. g3 Bf5 3. Bg2 e6 4. O-O c6 5. d3 Nf6 6. Nh4 Bg4 7. h3 Bh5 8. Qe1
Na6 9. a3 Nd7 10. f4 Be7 11. Nf3 Bg6 12. e4 dxe4 13. dxe4 Nf6 14. e5 Nd5 15. Qe2
Nc5 16. Rd1 Qb6 17. Kh2 a5 18. Nd4 O-O 19. c4 Nc7 20. Nc3 Nd3 21. Rxd3 Bxd3 22.
Qxd3 Rad8 23. Be3 c5 24. Nd5 exd5 25. Nf5 Rfe8 26. cxd5 Bf8 27. d6 Rd7 28. b4
axb4 29. axb4 Qxb4 30. Rb1 Qa4 31. Rxb7 Ne6 32. Rb6 Qa2 33. Qb5 Red8 34. Bxc5
Qc2 35. Ne7+ Kh8 36. Rc6 Ra8 37. Bg1 Qd1 38. Rc8 Ra1 39. Bf2 Rda7 40. Qe8 h5 41.
Qxf7 R7a2 42. Qg8# 1-0

[Event "PRO League Group Stage"]
[Site "chess.com INT"]
[Date "2018.02.28"]
[Round "8"]
[White "Ly, Moulthun"]
[Black "Bryant, John Daniel"]
[Result "1/2-1/2"]
[WhiteTitle "GM"]
[BlackTitle "IM"]
[WhiteElo "2480"]
[BlackElo "2437"]
[WhiteTeam "Australia Kangaroos"]
[BlackTeam "San Diego Surfers"]
[WhiteFideId "3204405"]
[BlackFideId "2031280"]
[EventDate "2018.01.18"]

1. d4 Nf6 2. c4 c5 3. d5 e6 4. Nc3 exd5 5. cxd5 d6 6. Nf3 g6 7. h3 Bg7 8. Bf4
O-O 9. e3 Na6 10. Be2 Nc7 11. O-O a6 12. a4 Rb8 13. a5 b5 14. axb6 Rxb6 15. Ra2
Nfxd5 16. Nxd5 Nxd5 17. Bg5 Qc7 18. Nd2 Nb4 19. Ra3 Bxb2 20. Rb3 Bg7 21. Nc4 Be6
22. Bf4 Bxc4 23. Bxc4 Qc6 24. Be2 c4 25. Bf3 Qc5 26. Rb1 c3 27. Qb3 d5 28. Qa3
a5 29. Rfc1 c2 30. Rb3 Qc4 31. Qxa5 Rb5 32. Qa3 Rc8 33. Bg4 f5 34. Bf3 Kh8 35.
Bd6 Bf8 36. Bxf8 Rxf8 37. Qb2+ d4 38. Rxc2 Qxc2 39. Qxd4+ Kg8 40. Rxb4 Qc1+ 41.
Kh2 Qc7+ 42. g3 Rd8 43. Rxb5 Rxd4 44. exd4 Qc3 45. Rb8+ Kg7 46. Rb7+ Kh6 47. Kg2
Qxd4 48. h4 Qd6 49. Rf7 Qe6 50. Rb7 Qd6 51. Ra7 Qd4 52. Rb7 Qd2 53. Re7 Qd6 54.
Rb7 Qf6 55. Bd5 Qf8 56. Bf3 Qd8 57. Ra7 f4 58. Rb7 fxg3 59. fxg3 Qd2+ 60. Kg1
Qe3+ 61. Kg2 Qe1 62. Kh2 Qd2+ 63. Kg1 g5 64. hxg5+ Kxg5 65. Rb5+ Kf6 66. Rh5 h6
67. Rh4 Kg5 68. Rg4+ Kf5 69. Rf4+ Ke5 70. Re4+ Kf6 71. Rf4+ Ke7 72. Re4+ Kd6 73.
Re2 Qg5 74. Kg2 h5 75. Re4 Qf5 76. Rf4 Qc2+ 77. Kh3 Qg6 78. Kh4 Ke5 79. Bxh5 Qh6
80. Rf3 Ke4 81. Rf2 Kd3 82. g4 Ke3 83. Rf1 Qg7 84. g5 Qd4+ 85. Bg4 Qh8+ 86. Bh5
Qd4+ 87. Bg4 Qh8+ 88. Bh5 Qd4+ 1/2-1/2

[Event "PRO League Group Stage"]
[Site "chess.com INT"]
[Date "2018.02.28"]
[Round "8"]
[White "Carlsen, Magnus"]
[Black "Grover, Sahaj"]
[Result "1-0"]
[WhiteTitle "GM"]
[BlackTitle "GM"]
[WhiteElo "2834"]
[BlackElo "2484"]
[WhiteTeam "Norway Gnomes"]
[BlackTeam "Delhi Dynamite"]
[WhiteFideId "1503014"]
[BlackFideId "5021103"]
[EventDate "2018.01.18"]

1. Na3 d5 2. c4 e6 3. Nf3 Nf6 4. g3 Be7 5. Bg2 O-O 6. O-O c5 7. cxd5 Nxd5 8. d4
Nc6 9. dxc5 Bxc5 10. Nc4 b6 11. Bd2 Bb7 12. Rc1 Rc8 13. a3 a5 14. e4 Nde7 15.
Be3 Bxe3 16. Nxe3 Ba6 17. Re1 Qxd1 18. Rexd1 Be2 19. Rd7 Bxf3 20. Bxf3 Ne5 21.
Rcc7 Nxf3+ 22. Kg2 Ne1+ 23. Kf1 Rxc7 24. Rxc7 Nd3 25. Rxe7 Nxb2 26. Rb7 Na4 27.
Nc4 g6 28. e5 Rc8 29. Nd6 Rc3 30. h4 Rxa3 31. Rb8+ Kg7 32. Ne8+ Kh6 33. Nf6 Rf3
34. g4 g5 35. Rg8 1-0

[Event "PRO League Group Stage"]
[Site "chess.com INT"]
[Date "2018.02.28"]
[Round "8"]
[White "Demidov, Mikhail"]
[Black "Risting, Eivind Olav"]
[Result "1/2-1/2"]
[WhiteTitle "IM"]
[BlackTitle "FM"]
[WhiteElo "2523"]
[BlackElo "2309"]
[WhiteTeam "Volga Stormbringers"]
[BlackTeam "Oslo Trolls"]
[WhiteFideId "4197143"]
[BlackFideId "1517333"]
[EventDate "2018.01.18"]

1. Nf3 Nf6 2. g3 b6 3. Bg2 Bb7 4. d3 e6 5. O-O Be7 6. e4 d5 7. e5 Nfd7 8. Qe2 c5
9. Re1 Nc6 10. c4 d4 11. Nbd2 Qc7 12. a3 h6 13. b4 cxb4 14. Nb3 Bc5 15. Bb2 bxa3
16. Bxa3 O-O 17. h4 Bxa3 18. Rxa3 Rfd8 19. h5 a5 20. g4 Nc5 21. Nxc5 bxc5 22. g5
hxg5 23. Nxg5 Ne7 24. Bxb7 Qxb7 25. Ne4 Nf5 26. Qg4 Kh8 27. Rea1 Qc7 28. Qf4
Rdb8 29. Kh1 Rb2 30. Rg1 Qe7 31. Rga1 Qc7 32. Rg1 Qe7 33. Rga1 Qc7 34. Rg1 1/2-1/2